Euro-Atlantic quarterly international affairs

Guardado en:
Detalles Bibliográficos
Formato: Seriadas
Lenguaje:inglés
Publicado: Banská Bystrica Slovenská atlantická komisia 2013
Materias:
Etiquetas: Agregar Etiqueta
Sin Etiquetas, Sea el primero en etiquetar este registro!

MARC

LEADER 00000nas2a2200000 4500
001 0239283
005 20190314082013.8
022 |a 1336-8761 
041 0 |a eng 
044 |a SK 
245 1 0 |a Euro-Atlantic quarterly  |b international affairs 
264 1 |a Banská Bystrica  |b Slovenská atlantická komisia  |c 2013 
773 0 |w eu_un_cat*0126874 
610 2 0 |a politika medzinárodná 
610 2 0 |a vzťahy hospodárske medzinárodné 
610 2 0 |a politika bezpečnostná